Adele Lyrics- Part 1 - Statistics

General Stats
  • This quiz has been taken 143 times
  • The average score is 7 of 15
Answer Stats
Hint Answer % Correct
"Nevermind I'll find _______ Like You" Someone
100%
"You look like a movie, you sound like a song, my god this reminds me of When We Were ____" Young
97%
"Rumor has it she ain't got your ____ anymore" Love
79%
"All the things you said they were never ___, never ___!" True
69%
"Sometimes the road less traveled is the road best left ______" Behind
57%
"You say it's all in my head, and the things I think just don't make _____" Sense
57%
"Love is a game for ____ to play." Fools
53%
"You had my heart inside of your hand, and you played it, with a _______" Beating
43%
"Cry Your Heart Out, It'll _____ Your face" Clean
42%
"When I am drowning in this ______ baby let me in." Silence
34%
"I Miss You when the lights go out, it ________ all of my doubts" Illuminates
25%
Who wants to be Right as Rain, its ______ when you're on top" Harder
18%
"So where you been then? Don't go all ___, Don't turn it round on me like it's my fault" Coy
14%
"Hold my hand while you ___ me down." Cut
11%
"Never would of hitch-hiked to __________, If It Hadn't Been For Love" Birmingham
10%
No matching quizzes found
Score Distribution
Percent of People with Each Score
Percentile by Number Answered
Your Score History
You have not taken this quiz